000 00281nam a2200109Ia 4500
008 190919s9999||||xx |||||||||||||| ||und||
100 _aQ.A.Wadud
245 0 _aLaw of the Commission Securities and Exchange
260 _aKarachi
_bRoyal Book
_c2003
300 _a173
942 _cBK
999 _c11135
_d11135